000
00343nam a22001457a 4500
999
_c
61492
_d
61492
005
20240319165838.0
008
240319c2022 enk||||| |||| 00| 0 eng d
022
_a
9770013061244
041
_a
eng
245
_a
The Economist :
_b
2022.
260
_a
London,
_c
2022.
300
_a
V
653
_a
ეკონომიკა
942
_2
udc
_c
CR